000 00298nam a22001337a 4500
008 210507b ||||| |||| 00| 0 eng d
041 _aeng
080 _23rd
_a94
082 _a94
100 _a16
101 _aSHH
245 _aThe Hero with a Thousand Faces
_cJoseph Campbell
942 _2udc
_cBK
999 _c57137
_d57137